000 00727nam a2200205Ia 4500
001 17323
003 GE_BSU
008 181216s||||||||xx |||||||||||||| ||und||
040 _cGE_BSU
080 _a82-93:821.353.1-32
245 _aპატარა საუნჯე [ტ.] 1
245 _bქართველ მწერალთა საბავშვო ნაწარმოებები 2 ტომად
245 _cრედ.: ე. ვირსალაძე, ნ.ალანია
260 _aთბილისი
260 _bნაკადული
260 _c1962
300 _a306გვ.;22სმ
653 _aსაბავშვო ნაწარმოებები
942 _cBK
999 _c50382
_d50382